| Tag |
First Indicator |
Second Indicator |
Subfields |
| LEADER |
00000cam a22000001a 4500 |
| 001 |
in00003371513 |
| 006 |
m d f |
| 007 |
cr bn mmmapmmp |
| 008 |
100703s1992 dcu o f000 0 eng d |
| 005 |
20260501142501.7 |
| 035 |
|
|
|a cis2007885153
|
| 040 |
|
|
|a ProQuest
|c ProQuest
|d UtOrBLW
|
| 043 |
|
|
|a n-us---
|
| 099 |
|
|
|a CRS-1992-AML-0020
|
| 110 |
2 |
|
|a Library of Congress.
|b Congressional Research Service.
|
| 245 |
1 |
0 |
|a Pension Benefit Guaranty Corporation as a Creditor in Bankruptcy.
|
| 264 |
|
1 |
|a [Place of publication not identified] :
|b [publisher not identified],
|c 1992.
|
| 300 |
|
|
|a 1 online resource.
|
| 336 |
|
|
|a text
|b txt
|2 rdacontent
|
| 337 |
|
|
|a computer
|b c
|2 rdamedia
|
| 338 |
|
|
|a online resource
|b cr
|2 rdacarrier
|
| 500 |
|
|
|a Record is based on bibliographic data in ProQuest U.S. Congressional Research Digital Collection (last viewed July 2010). Reuse except for individual research requires license from ProQuest, LLC.
|
| 500 |
|
|
|a CRS Report.
|
| 520 |
|
|
|a Analyzes the recent U.S. District Court decision in In re Chateaugay, on priority of Pension Benefit Guaranty Corp. creditor claims in the LTV Corp. bankruptcy, and conflicts between the Employee Retirement Income Security Act of 1974 and the Bankruptcy Code.
|
| 500 |
|
|
|a Electronic resource.
|
| 610 |
1 |
0 |
|a United States.
|t Laws, etc. (Statutes of the United States)
|
| 650 |
|
0 |
|a Bankruptcy.
|
| 650 |
|
0 |
|a Judge-made law.
|
| 655 |
|
7 |
|a Electronic books.
|2 local
|
| 710 |
2 |
|
|a ProQuest (Firm)
|
| 776 |
0 |
8 |
|i Microfiche version:
|a Library of Congress. Congressional Research Service.
|t Pension Benefit Guaranty Corporation as a Creditor in Bankruptcy
|
| 830 |
|
0 |
|a U.S. Congressional Research.
|
| 856 |
4 |
0 |
|u http://proxy.library.tamu.edu/login?url=https://congressional.proquest.com/congcomp/getdoc?CRDC-ID=CRS-1992-AML-0020
|z Connect to the full text of this electronic book
|t 0
|
| 999 |
|
|
|a MARS
|
| 999 |
f |
f |
|s 7179e4e8-3707-3cc0-8c89-9c45f37de0b1
|i ed4ab810-3758-3472-978d-b36108c63766
|t 0
|
| 952 |
f |
f |
|a Texas A&M University
|b College Station
|c Electronic Resources
|s www_evans
|d Available Online
|t 0
|e CRS-1992-AML-0020
|h Other scheme
|
| 998 |
f |
f |
|a CRS-1992-AML-0020
|t 0
|l Available Online
|